| 000 | 00535nam a2200181 4500 | ||
|---|---|---|---|
| 003 | OSt | ||
| 005 | 20260601193908.0 | ||
| 008 | 260520b2012 ge ||||| |||| 00| 0 eng dhttps://demo-intra.openmoshe-mexico.com/cgi-bin/koha/cataloguing/addbiblio.pl | ||
| 040 |
_aICI _bspa _cICI _erda |
||
| 050 | _aNA1 A27 | ||
| 100 | _eautor | ||
| 245 |
_aA & W : _bArchitecture & Wohnen |
||
| 300 |
_a202 paginas: _bilustraciones |
||
| 336 |
_2rdacontent _atexto |
||
| 337 |
_2rdamedia _asin medio |
||
| 338 |
_2rdacarrier _avolumen |
||
| 942 |
_2lcc _n1 _cB |
||
| 999 |
_c22483 _d22483 |
||